Thực hành từ vựng cho bài thi IELTS

Na minha lista:
Detalhes bibliográficos
Autor principal: Rawdon Wyatt
Formato: Livro
Idioma:Undetermined
Publicado em: Tp HCM 2002
Tags: Adicionar Tag
Sem tags, seja o primeiro a adicionar uma tag!
Thư viện lưu trữ: Trung tâm Học liệu Trường Đại học Cần Thơ
LEADER 00415nam a2200145Ia 4500
001 CTU_48318
008 210402s9999 xx 000 0 und d
082 |a 428.24 
082 |b W975w 
100 |a Rawdon Wyatt 
245 0 |a Thực hành từ vựng cho bài thi IELTS 
245 0 |c Rawdon Wyatt, Lê Huy Lâm 
260 |b Tp HCM 
260 |c 2002 
980 |a Trung tâm Học liệu Trường Đại học Cần Thơ